| 000 | 00819nam a22002297a 4500 | ||
|---|---|---|---|
| 008 | |||
| 020 | _a9788130923697 | ||
| 040 |
_aDLC _cDLC _dDLC |
||
| 043 | _an-us--- | ||
| 050 | 0 | 0 |
_aUA23 _b.S275 1995 |
| 082 | 0 | 0 |
_a355/.033073 _220 |
| 100 | 1 |
_aSarkesian, Sam C. _q(Sam Charles), _d1927- |
|
| 245 | 1 | 0 |
_aU.S. national security : _bpolicymakers, processes, and politics / _cSam C. Sarkesian. |
| 250 | _a5th ed. | ||
| 260 |
_aBoulder, Colo. : _bL. Rienner, _c2013. |
||
| 300 |
_axii, 345 p. : _bill. ; _c23 cm. |
||
| 650 | 0 |
_aNational security _zUnited States _xDecision making. |
|
| 740 | 0 | _aUS national security. | |
| 906 |
_a7 _bcbc _corignew _d1 _encip _f19 _gy-gencatlg |
||
| 942 |
_2ddc _cBK |
||
| 999 |
_c14885 _d14885 |
||